The kashful mahjub : (Record no. 532080)

000 -LEADER
fixed length control field 01459cam a22004095a 4500
001 - CONTROL NUMBER
control field 18890150
003 - CONTROL NUMBER IDENTIFIER
control field Nust
005 - DATE AND TIME OF LATEST TRANSACTION
control field 20191107133045.0
008 - FIXED-LENGTH DATA ELEMENTS--GENERAL INFORMATION
fixed length control field 151210s2013 my 001 0 eng
010 ## - LIBRARY OF CONGRESS CONTROL NUMBER
LC control number 2015319545
020 ## - INTERNATIONAL STANDARD BOOK NUMBER
International Standard Book Number 9830650464
020 ## - INTERNATIONAL STANDARD BOOK NUMBER
International Standard Book Number 9789830653419
038 ## - RECORD CONTENT LICENSOR
Staff Name MSOHAIL
040 ## - CATALOGING SOURCE
Original cataloging agency DLC
Language of cataloging eng
Transcribing agency DLC
Description conventions rda
Modifying agency DLC
041 1# - LANGUAGE CODE
Language code of text/sound track or separate title eng
Language code of original per
042 ## - AUTHENTICATION CODE
Authentication code lcode
082 ## - DEWEY DECIMAL CLASSIFICATION NUMBER
Classification number 297.4
Author Mark HUJ
100 1# - MAIN ENTRY--PERSONAL NAME
Personal name Makhdom Um Syed Ali Hassni Ghaznavi
Dates associated with a name -approximately 1072,
Relator term author.
9 (RLIN) 25380
240 10 - UNIFORM TITLE
Uniform title Kashf al-maḥjūb.
Language of a work English
245 14 - TITLE STATEMENT
Title The kashful mahjub :
Remainder of title unveiling the veiled : the earliest treatise on sufism /
Statement of responsibility, etc. Syed Ali bin Uthman al-Hujweri ; translation with special commentary by Maulana Wahid Bakhash Rabbani.
250 ## - EDITION STATEMENT
Edition statement Third print.
264 #1 - PRODUCTION, PUBLICATION, DISTRIBUTION, MANUFACTURE, AND COPYRIGHT NOTICE
Place of production, publication, distribution, manufacture Kuala Lumpur :
Name of producer, publisher, distributor, manufacturer A.S. Noordeen,
Date of production, publication, distribution, manufacture, or copyright notice 2013
300 ## - PHYSICAL DESCRIPTION
Extent xxix, 640 pages ;
Dimensions 25 cm
336 ## - CONTENT TYPE
Content type term text
Content type code txt
Source rdacontent
337 ## - MEDIA TYPE
Media type term unmediated
Media type code n
Source rdamedia
338 ## - CARRIER TYPE
Carrier type term volume
Carrier type code nc
Source rdacarrier
500 ## - GENERAL NOTE
General note Includes index.
546 ## - LANGUAGE NOTE
Language note English translation of the author's original Persian work.
650 #0 - SUBJECT ADDED ENTRY--TOPICAL TERM
Topical term or geographic name entry element Sufism
Form subdivision Early works to 1800.
9 (RLIN) 1631
650 #0 - SUBJECT ADDED ENTRY--TOPICAL TERM
Topical term or geographic name entry element Asceticism
General subdivision Islam.
9 (RLIN) 1632
650 #0 - SUBJECT ADDED ENTRY--TOPICAL TERM
Topical term or geographic name entry element Mysticism
General subdivision Islam.
9 (RLIN) 1633
650 #0 - SUBJECT ADDED ENTRY--TOPICAL TERM
Topical term or geographic name entry element Islam
General subdivision Doctrines.
9 (RLIN) 1634
700 1# - ADDED ENTRY--PERSONAL NAME
Personal name Siyāl, Vāḥid Bak̲h̲sh,
Dates associated with a name 1910-
Relator term translator.
9 (RLIN) 25381
906 ## - LOCAL DATA ELEMENT F, LDF (RLIN)
a 0
b par
c origode
d 3
e ncip
f 20
g y-gencatlg
942 ## - ADDED ENTRY ELEMENTS (KOHA)
Source of classification or shelving scheme
Koha item type Book
Holdings
Withdrawn status Lost status Source of classification or shelving scheme Damaged status Not for loan Permanent Location Current Location Date acquired Total Checkouts Full call number Barcode Checked out Date last seen Date last checked out Price effective from Koha item type
          School of Civil and Environmental Engineering (SCEE) School of Civil and Environmental Engineering (SCEE) 11/07/2019 1 297.4 HUJ NIT-11988 01/01/2020 12/02/2019 12/02/2019 11/07/2019 Book
© 2023 Central Library, National University of Sciences and Technology. All Rights Reserved.